01383nam a2200313 a 4500001001200000003000800012006001900020007001500039008004100054020003200095040002100127035002100148050002600169082001500195100002000210245017000230260005900400300002500459490006400484504006400548533015200612650002000764650001400784650003400798655002900832710001700861830006500878856012600943ebr10051646CaPaEBRm u cr cn|||||||||020723s2002 nyua sb 001 0 eng d z0306471868 (electronic bk.) aCaPaEBRcCaPaEBR a(OCoLC)55915286914aHQ734b.H869 2002ebeb04a306.822211 aHolman, Thomas.10aPremarital prediction of marital quality or breakuph[electronic resource] :bresearch, theory, and practice /cThomas B. Holman, with Paul James Birch ... [et al.]. aNew York :bKluwer Academic/Plenum Publishers,cc2002. axvii, 328 p. :bill.1 aLongitudinal research in the social and behavioral sciences aIncludes bibliographical references (p. 301-319) and index. aElectronic reproduction.bPalo Alto, Calif. :cebrary,d2013.nAvailable via World Wide Web.nAccess may be limited to ebrary affiliated libraries. 0aMate selection. 0aMarriage. 0aMarriage compatibility tests. 7aElectronic books.2local2 aebrary, Inc. 0aLongitudinal research in the social and behavioral sciences.40uhttp://site.ebrary.com/lib/rucke/Doc?id=10051646zAn electronic book accessible through the World Wide Web; click to view